Historicko-politické korene formovania Európskej únie diplomová práca

Gespeichert in:
Bibliographische Detailangaben
1. Verfasser: Švitková, Veronika
Körperschaft: Fakulta medzinárodných vzťahov EU. Katedra medzinárodných politických vzťahov
Weitere Verfasser: Liďák, Ján
Format: Buch
Sprache:Slowakisch
Veröffentlicht: Bratislava 2012
Tags: Tag hinzufügen
Keine Tags, Fügen Sie das erste Tag hinzu!

MARC

LEADER 00000nbm a2200000 4500
001 0152360
005 20161109102031.3
041 0 |a slo 
044 |a SK 
245 1 0 |a Historicko-politické korene formovania Európskej únie  |b diplomová práca  |c Veronika Švitková ; školiteľ: Ján Liďák 
264 1 |a Bratislava  |c 2012 
300 |a 68 s. 
100 1 |a Švitková, Veronika 
700 1 |a Liďák, Ján 
710 2 |a Fakulta medzinárodných vzťahov EU. Katedra medzinárodných politických vzťahov